Les 5 artistes masculins les plus écoutés en France sur Spotify 2023 - Statistiques

Statistiques générales
  • Ce quiz a été pris 122 fois
  • Le résultat moyen est 3 sur 5
Statistiques - réponses
Hommes Réponse % Correct
Français Jul
90%
Français Ninho
75%
Belge Damso
74%
Français Gazo
46%
Français Tiakola
38%
Aucun quiz correspondant
Distribution des résultats
% des personnes avec chaque résultat
Percentile par nombre de réponses
Votre historique - résultats
Vous n’avez pas pris ce quiz